Squadre retrocesse in B subito retrocesse in Serie C - Statistics

Statistiche generali
  • Questo quiz è stato fatto 12 volte
  • Il punteggio medio è 9 su 20
Statistiche sulle risposte
Retrocessioni in C da neoretrocessa Squadra % Corretto
1 SPAL
83%
2 Bari
75%
2 Como
75%
1 Brescia
58%
1 Crotone
58%
1 Lecce
58%
1 Catania
50%
1 Cremonese
50%
1 Foggia
50%
1 Mantova
50%
1 Perugia
50%
1 Venezia
50%
1 Bologna
42%
1 Empoli
42%
1 Catanzaro
25%
1 Lucchese
17%
1 Siena
17%
1 Padova
8%
1 Pro Patria
8%
1 Casale
0%
Nessun quiz corrispondente trovato
Distribuzione punteggi
Percentuale di utenti per punteggio
Percentile per numero di risposta
I tuoi punteggi nel tempo
Non hai fatto questo quiz